000 01280nam a2200337Ia 4500
001 Z_6446
003 CHAP
008 220113s2012 xx 000 0 und d
010 _a169706
020 _a13: 978-0-226-98803-0 \ 10: 0-226-98803-1
040 _cCHAP
082 _a338.1873 I58
245 _aThe intended and unintended effects of U.S. agricultural and biotechnology policies /
_ceditor Joshua S. Graff Zivin y Jeffrey M. Perloff.
260 _aEstados Unidos de América :
_bThe University of Chicago Press,
_c2012
300 _a298 p.
440 _a(National Bureau of Economic Research conference report)
_9144803
503 _aej.1: consumo
504 _aIncluye bibliografía e índice
650 _aAgricultura y energía
_x
_x Política gubernamental
_x
_x Estados Unidos
_9144804
650 _aAgricultura y estado
_x
_x Estados Unidos
_9144805
650 _aBiotecnología agricola
_x
_x Política gubernamental
_x
_x Estados Unidos
_9144806
650 _aSubsidios agrícolas
_x
_x Política gubernamental
_x
_x Estados Unidos
_9144807
700 _a Perloff, Jeffrey M., ed.
_9144808
700 _aGraff Zivin, Joshua S., ed.
_9144809
901 _a338.1873 I58
902 _aM
910 _a2012
942 _c1
942 _cc1
999 _c169706
_d169706